| 000 | 00716nam a2200205 a 4500 | ||
|---|---|---|---|
| 001 | BRCA_1018 | ||
| 005 | 20190320203238.0 | ||
| 008 | 101105s2004----mx-a---###---#000-0#spa-d | ||
| 020 | _a9703505554 | ||
| 050 | 4 |
_aND259.T5 _b.R63 2004 _c1952 |
|
| 100 | 1 |
_aRodríguez-Miaja, Fernando Edmundo _93351 |
|
| 245 | 1 | 0 |
_aJuan Tinoco _bgloria de pintura poblana _cFernando E. Rodríguez-Miaja. |
| 260 |
_aMéxico _bCírculo de Arte _c2004 |
||
| 300 |
_a30 p. _bil. a color _c16 cm. |
||
| 504 | _aBibliografía: p. 30 | ||
| 533 | _aFacsimilar de la firma en Martirio de Santa Úrsula y las once mil virgenes (ca 1688) | ||
| 610 | 2 | 4 |
_aTinoco, Juan _93352 |
| 650 | 1 | 4 |
_aSantos cristianos _xPintura _ySiglo XVII _93353 |
| 942 |
_2lcc _cB |
||
| 999 |
_c898 _d898 |
||